000 00347nam a2200133Ia 4500
005 20251222153644.0
008 251222s9999||||xx |||||||||||||| ||spa||
020 _a8431315865
082 _a343.2/Z93
100 _aZumaquero, José Manuel
245 0 _aTextos de Derecho Humanos
264 _bEdiciones Universidad de Navarra, S.A.
942 _cLIB
999 _c32862
_d32862